01649naa a2200265 i 4500001000400000003000400004005001700008008003900025040000800064041001300072044000800085080001300093080001400106100011900120245017700239260001000416500002100426520027600447650002400723650002600747655003000773773034800803711011501151711011701266BPPBPK20180220143042.0160118s2012 pl f |100 0 pol cBPK apolbeng aPOL a635.1/.7 a631.563.9 aGÓRECKA-ORZECHOWSKA, Jolanta - doktorant.bPolitechnika Koszalińska - Wydzial Mechaniczny,cKatedra Automatyki aPacking of fruits and vegetables in modified atmosphere packaging =bPakowanie owoców i warzyw w opakowania z modyfikowaną atmosferą /cJolanta Górecka-Orzechowska. c2012. aDane z autopsji. aW artykule omówiono pakowanie owoców i warzyw w opakowania z modyfikowaną atmosferą. Przedstawiono zalecane warunki przetrzymywania owoców i warzyw w opakowaniach ze zmodyfikowaną atmosferą oraz wpływ składu atmosfery na jakość pakowanych produktów. 0aOwoce - opakowania. 0aWarzywa - opakowania. 0aMateriały konferencyjne. iW :tMateriały IX Konferencji Studentów i Młodych Pracowników Nauki Wydziału Mechanicznego oraz V Ogólnopolskiej Konferencji Studenckich Kół Naukowych Uczelni Technicznych : XXXIV Tydzień Kultury Studenckiej / pod red. Marka Fligla, Leona Kukiełki. -dKoszalin : Wydaw. Uczelniane Politechniki Koszalińskiej, 2012. -gs. 69-74 aOgólnopolska Konferencja Studenckich Kół Naukowych Uczelni Technicznychn(5 ;d2012 ;cKoszalin, Polska). aKonferencja Studentów i Młodych Pracowników Nauki Wydziału Mechanicznegon(9 ;d2012 ;cKoszalin, Polska).